00805cam a2200217 a 450000100100000000500170001000800410002702000150006804000300008308200190011310000350013224501580016726000300032530000280035550400580038365000230044165000310046465000300049565000180052570000440054300001166120241031124004.0931217s1999 mx a b 001 0 spa c a9686101284 aDO-SdBNPbspacCoUdBNPHU a658.562bR696n1 aRodríguez Combeller, Carlos.13aEl nuevo escenario :bla cultura de calidad y productividad en las empresas /cCarlos Rodríguez Combeller ; prólogo de José de la Cerda Gastélum. aMéxico :bITESO,c1999. a428 p. :bil. ;c22 cm. aIncluye referencias bibliográficas (p. [425] -428). 4aControl de calidad 4aControl de la producción 0aProductividad industrial  4aCalidad total1 aCerda Gastélum, José de laepról.